|
|
|
|
| LEADER |
00000cam a2200000 7i4500 |
| 001 |
0000003098 |
| 002 |
000003351 |
| 005 |
20000330.0 |
| 020 |
|
|
|a T000000294
|
| 090 |
0 |
0 |
|a 929.7
|b MOH
|
| 100 |
0 |
|
|a Mohd.Zulkifli Haji Abdul Aziz
|
| 245 |
1 |
0 |
|a Geleran orang melayu Perak
|c Mohd Zulkifli Haji Abdul Aziz ; diedit oleh Prof.Madya Dr.Norazit Selat
|
| 260 |
|
|
|a Kuala Lumpur :
|b Persatuan Muzium Malaysia ,
|c 1992
|
| 300 |
|
|
|a 55p. ;
|c 23cm.
|
| 650 |
0 |
0 |
|a Kings and rulers
|z Perak
|
| 650 |
0 |
0 |
|a Titles of honor and nobility
|z Perak
|
| 999 |
|
|
|a 036660
|b BUKU
|c MALAYSIANA
|e PERPUSTAKAAN KOMUNITI PETALING JAYA
|